Rubik's Cube - PLL Permutations - Statistics

General Stats
  • This quiz has been taken 888 times
  • The average score is 17 of 21
Answer Stats
Number Answer % Correct
8 T Perm
92%
4 H Perm
91%
3 Z Perm
88%
7 E Perm
85%
9 F Perm
85%
18 Ga Perm
84%
19 Gb Perm
84%
10 Ja Perm
84%
11 Jb Perm
84%
20 Gc Perm
82%
21 Gd Perm
82%
15 Y Perm
82%
1 Ua Perm
81%
2 Ub Perm
80%
5 Aa Perm
79%
6 Ab Perm
79%
14 V Perm
78%
12 Ra Perm
77%
13 Rb Perm
76%
16 Na Perm
71%
17 Nb Perm
70%
No matching quizzes found
Score Distribution
Percent of People with Each Score
Percentile by Number Answered
Your Score History
You have not taken this quiz